Catalog

Record Details

Catalog Search



Sachsen in der NS-Zeit  Cover Image Book Book

Sachsen in der NS-Zeit / Clemens Vollnhals (Hg.)

Vollnhals, Clemens (Compiler).

Record details

  • ISBN: 3-378-01057-6
  • Physical Description: 287 p. : ill. ; 24 cm
  • Edition: 1. Aufl.
  • Publisher: Leipzig : Kiepenheuer, 2002

Content descriptions

Bibliography, etc. Note:
Includes bibliographical references (p. 281-283) and index.

Available copies

  • 1 of 1 copy available at Common Catalog SPOK.

Holds

  • 0 current holds with 1 total copy.
Show Only Available Copies
Location Call Number / Copy Notes Barcode Shelving Location Status Due Date
Terezin Initiative Institute 3674 4594303674 Knihovna ITI Available -

LDR 00994cam a2200289 a 4500
00150268
003CZ-PrJAB
00520221005115509.0
008020517s2002 gw a b 001 0 ger
020 . ‡a3-378-01057-6
035 . ‡a(GyWOH)har025006228
040 . ‡aDLC ‡cDLC
24500. ‡aSachsen in der NS-Zeit / ‡cClemens Vollnhals (Hg.)
250 . ‡a1. Aufl.
260 . ‡aLeipzig : ‡bKiepenheuer, ‡c2002
300 . ‡a287 p. : ‡bill. ; ‡c24 cm
504 . ‡aIncludes bibliographical references (p. 281-283) and index.
7001 . ‡aVollnhals, Clemens ‡4com
910 . ‡aABE340 ‡b3674
995 . ‡aska
901 . ‡a50268 ‡bAUTOGEN ‡c50268 ‡tbiblio

Additional Resources